Outline development proposals for iwo, 1969 -1989 (Record no. 416023)

000 -LEADER
fixed length control field 00327cam a22000977a 4500
008 - FIXED-LENGTH DATA ELEMENTS--GENERAL INFORMATION
fixed length control field 180718b1969 xxu||||| |||| 00| 0 eng d
082 ## - DEWEY DECIMAL CLASSIFICATION NUMBER
Classification number J7x 6695 Ad 35
245 ## - TITLE STATEMENT
Title Outline development proposals for iwo, 1969 -1989
Statement of responsibility, etc. By Govt. of Westrn stste of Nigeria
260 ## - PUBLICATION, DISTRIBUTION, ETC.
Place of publication, distribution, etc. Ibadan
Name of publisher, distributor, etc. Govt. of Westrn stste of Nigeria
Date of publication, distribution, etc. 1969
300 ## - PHYSICAL DESCRIPTION
Extent 67p.
Holdings
Withdrawn status Lost status Damaged status Not for loan Permanent Location Current Location Date acquired Full call number Barcode Date last seen Price effective from Koha item type
        Indian Institute of Public Administration Indian Institute of Public Administration 2009-03-09 J7x 6695 Ad 35 D1007 2018-07-21 2018-07-21 D

Powered by Koha